<?xml version="1.0" encoding="UTF-8"?>
<record
    xmlns:xsi="http://www.w3.org/2001/XMLSchema-instance"
    xsi:schemaLocation="http://www.loc.gov/MARC21/slim http://www.loc.gov/standards/marcxml/schema/MARC21slim.xsd"
    xmlns="http://www.loc.gov/MARC21/slim">

  <leader>01211nam a22002897a 4500</leader>
  <controlfield tag="001">1090</controlfield>
  <controlfield tag="005">20230804080554.0</controlfield>
  <controlfield tag="008">230721b        cb ||||| |||| 00| 0 khr d</controlfield>
  <datafield tag="020" ind1=" " ind2=" ">
    <subfield code="a">9789924340270</subfield>
  </datafield>
  <datafield tag="040" ind1=" " ind2=" ">
    <subfield code="a">FISKH </subfield>
    <subfield code="b">eng</subfield>
    <subfield code="c">FISKH </subfield>
    <subfield code="d">FISKH </subfield>
  </datafield>
  <datafield tag="082" ind1=" " ind2=" ">
    <subfield code="a">629.224</subfield>
  </datafield>
  <datafield tag="100" ind1=" " ind2=" ">
    <subfield code="a">Vanthary, Oum </subfield>
  </datafield>
  <datafield tag="245" ind1=" " ind2=" ">
    <subfield code="a">&#x1799;&#x17B6;&#x1793;&#x1787;&#x17C6;&#x1793;&#x17B7;&#x17C7; /</subfield>
  </datafield>
  <datafield tag="246" ind1=" " ind2=" ">
    <subfield code="a">Vehicles </subfield>
  </datafield>
  <datafield tag="250" ind1=" " ind2=" ">
    <subfield code="a">Sipar 3th printing, April 2021. </subfield>
  </datafield>
  <datafield tag="260" ind1=" " ind2=" ">
    <subfield code="a">Phnom Penh : </subfield>
    <subfield code="b">Sipar, </subfield>
    <subfield code="c">2021. </subfield>
  </datafield>
  <datafield tag="300" ind1=" " ind2=" ">
    <subfield code="a">12 unnumbered pages : </subfield>
    <subfield code="b">color illustrations ; </subfield>
    <subfield code="c">17 cm. </subfield>
  </datafield>
  <datafield tag="505" ind1=" " ind2=" ">
    <subfield code="a">aa</subfield>
  </datafield>
  <datafield tag="520" ind1=" " ind2=" ">
    <subfield code="a">&#x179F;&#x17C0;&#x179C;&#x1797;&#x17C5;&#x179A;&#x17BC;&#x1794;&#x1797;&#x17B6;&#x1796;&#x1793;&#x17C1;&#x17C7;&#x1796;&#x178E;&#x17CD;&#x1793;&#x17B6;&#x17A2;&#x17C6;&#x1796;&#x17B8;&#x1799;&#x17B6;&#x1793;&#x1787;&#x17C6;&#x1793;&#x17B7;&#x17C7;&#x178A;&#x17C2;&#x179B;&#x1780;&#x17BB;&#x1798;&#x17B6;&#x1794;&#x17D2;&#x179A;&#x1791;&#x17C7;&#x1783;&#x17BE;&#x1789;&#x1793;&#x17C5;&#x1787;&#x17BB;&#x17C6;&#x179C;&#x17B7;&#x1789;&#x1781;&#x17D2;&#x179B;&#x17BD;&#x1793;&#x179A;&#x1794;&#x179F;&#x17CB;&#x1796;&#x17BD;&#x1780;&#x1782;&#x17C1;&#x17D4;
&#x179F;&#x1798;&#x17D2;&#x179A;&#x17B6;&#x1794;&#x17CB;&#x1780;&#x17D2;&#x1798;&#x17C1;&#x1784;&#x17A2;&#x17B6;&#x1799;&#x17BB;&#x17E1;&#x1786;&#x17D2;&#x1793;&#x17B6;&#x17C6;&#x17A1;&#x17BE;&#x1784;&#x1791;&#x17C5; 
</subfield>
  </datafield>
  <datafield tag="520" ind1=" " ind2=" ">
    <subfield code="a">This picture book introduces kids to commonly encountered vehicle words. </subfield>
  </datafield>
  <datafield tag="521" ind1=" " ind2=" ">
    <subfield code="a">10</subfield>
    <subfield code="b">Lexile estimate </subfield>
  </datafield>
  <datafield tag="521" ind1=" " ind2=" ">
    <subfield code="a">aa
</subfield>
    <subfield code="b">Raz-Plus </subfield>
  </datafield>
  <datafield tag="650" ind1=" " ind2=" ">
    <subfield code="a">&#x1799;&#x17B6;&#x1793;&#x17D2;&#x178F;&#x1787;&#x17C6;&#x1793;&#x17B7;&#x17C7;</subfield>
    <subfield code="v">&#x178F;&#x17B6;&#x1798;&#x178A;&#x1784;&#x1795;&#x17D2;&#x179B;&#x17BC;&#x179C;</subfield>
    <subfield code="x">&#x179A;&#x17BC;&#x1794;&#x1797;&#x17B6;&#x1796;</subfield>
  </datafield>
  <datafield tag="650" ind1=" " ind2=" ">
    <subfield code="a">Vehicles </subfield>
    <subfield code="v">on the road </subfield>
    <subfield code="x">Pictures</subfield>
  </datafield>
  <datafield tag="700" ind1=" " ind2=" ">
    <subfield code="a">Visoth, Seng</subfield>
  </datafield>
  <datafield tag="942" ind1=" " ind2=" ">
    <subfield code="2">ddc</subfield>
    <subfield code="c">BK</subfield>
    <subfield code="n">0</subfield>
  </datafield>
  <datafield tag="999" ind1=" " ind2=" ">
    <subfield code="c">1090</subfield>
    <subfield code="d">1090</subfield>
  </datafield>
  <datafield tag="952" ind1=" " ind2=" ">
    <subfield code="0">0</subfield>
    <subfield code="1">0</subfield>
    <subfield code="2">ddc</subfield>
    <subfield code="4">0</subfield>
    <subfield code="7">0</subfield>
    <subfield code="8">KH</subfield>
    <subfield code="a">001</subfield>
    <subfield code="b">001</subfield>
    <subfield code="c">KHRS</subfield>
    <subfield code="d">2023-07-21</subfield>
    <subfield code="l">0</subfield>
    <subfield code="o">VAN  629.224</subfield>
    <subfield code="p">2023-0154</subfield>
    <subfield code="r">2023-07-21 15:47:51</subfield>
    <subfield code="t">1</subfield>
    <subfield code="w">2023-07-21</subfield>
    <subfield code="y">BK</subfield>
  </datafield>
  <datafield tag="952" ind1=" " ind2=" ">
    <subfield code="0">0</subfield>
    <subfield code="1">0</subfield>
    <subfield code="2">ddc</subfield>
    <subfield code="4">0</subfield>
    <subfield code="7">0</subfield>
    <subfield code="8">KH</subfield>
    <subfield code="a">001</subfield>
    <subfield code="b">001</subfield>
    <subfield code="c">KHRS</subfield>
    <subfield code="d">2023-07-21</subfield>
    <subfield code="l">2</subfield>
    <subfield code="o">VAN  629.224</subfield>
    <subfield code="p">2023-0159</subfield>
    <subfield code="r">2025-11-13 14:45:01</subfield>
    <subfield code="s">2025-08-22</subfield>
    <subfield code="t">2</subfield>
    <subfield code="w">2023-07-21</subfield>
    <subfield code="y">BK</subfield>
  </datafield>
</record>
